00000000cam 2200000zi 4500
0019.961582
003CaOODSP
00520260526150322
006m     o  d f      
007cr bn|||||||||
008260401e200010##onc     obf  f000 0 eng d
040 |aCaOODSP|beng|erda|cCaOODSP
043 |an-cn---
0861 |aT52-4/291-2000E-PDF
24500|aCommercial and Business Aviation inspection and audit (checklists) manual.
250 |a1st edition.
264 1|a[Ottawa] : |bTransport Canada = Transports Canada, |cOctober 2000.
300 |a1 online resource (150 pages)
336 |atext|btxt|2rdacontent
337 |acomputer|bc|2rdamedia
338 |aonline resource|bcr|2rdacarrier
500 |aIssued also in French under title: Aviation commerciale et d'affaires : manuel d'inspection et de vérification (listes de vérification).
500 |a"TP 13750E (10/2000)."
500 |a"1st Edition - October 2000"--Pages 5-150.
504 |aIncludes bibliographical references.
520 |a"This manual contains the policies and procedures that are specific to the conduct of inspections and audits within the Commercial and Business Aviation Branch. The material in this manual supplements the policy and procedures provided in the Inspection and Audit Manual (TP 8606). Inspections and audits are key components in the Commercial and Business Aviation regulatory oversight program. To ensure consistency and fairness in carrying out tasks as CBA Inspectors, it is imperative that the policies and procedures specified herein be followed"--Foreword.
61010|aCanada. |bCommercial and Business Aviation|xOfficials and employees|vHandbooks, manuals, etc.
650 0|aAeronautics, Commercial|zCanada|xEvaluation|vHandbooks, manuals, etc.
650 0|aAeronautics, Commercial|zCanada|xAuditing|vHandbooks, manuals, etc.
655 7|aHandbooks and manuals|2lcgft
7101 |aCanada. |bTransport Canada, |eissuing body.
77508|tAviation commerciale et d'affaires : |w(CaOODSP)9.963092
85640|qPDF|s497 KB|uhttps://publications.gc.ca/collections/collection_2026/tc/T52-4-291-2000-eng.pdf
8564 |qHTML|sN/A|uhttps://tc.canada.ca/en/aviation/publications/commercial-business-aviation-inspection-audit-checklists-manual-tp-13750
986 |aTP 13750E